| 000 | 00876nam a2200241Ia 4500 | ||
|---|---|---|---|
| 003 | 0 | ||
| 005 | 20250131130225.0 | ||
| 008 | 150126s9999 xx 000 0 und d | ||
| 050 |
_aPGS RM 666.P83 _b.Am481 2014 |
||
| 100 | _aAmado, Daniel Timothy Chua. | ||
| 245 | 4 |
_aThe use of Yakult and Bear Brand against diarrhea-causing bacteria / _cDaniel Timothy Chua Amado. |
|
| 260 |
_aLas PiƱas City, Philippines : _bSouthville International School and Colleges, _c2014. |
||
| 300 |
_a29 p. : _bill. ; _c28 cm. |
||
| 504 | _aIncludes bibliographical references. | ||
| 650 |
_aMilk _vFermented products. |
||
| 650 |
_aProbiotics _vTherapeutic use. |
||
| 650 | _aYakult. | ||
| 650 | _aBear Brand. | ||
| 650 |
_aBacterial infections _vPrevention and control. |
||
| 650 |
_aDiarrhea _vBacterial causes. |
||
| 650 |
_aLactic acid bacteria _vTherapeutic use. |
||
| 942 |
_2lcc _cPASS |
||
| 999 |
_c278557 _d278557 |
||